000 00931nam a2200253 i 4500
001 90538
003 ES-MaACL
005 20251003164446.0
007 t|
008 050121s1963 sp ||||1| spa d
100 1 _aLe Guillou, Marie-Joseph,
_d1920-1990
_970888
245 1 0 _aMisión y unidad
_b: las exigencias de la Comunión /
_cM.J. Le Guillou ; presentación de la edición española por Casimiro Morcillo ; [traductores, Alejandro Montserrat y Ramón Marcet].
260 _aBarcelona :
_bEstela,
_c[1963]
300 _a528 p. ;
_c24 cm.
490 1 _aColección "Ecclesia" ;
_v4
650 0 4 _aEcumenismo.
_912045
700 1 _aMorcillo, Casimiro,
_d1904-1971
_983188
700 0 _aMontserrat Torrents, Alejandro.
_982747
700 1 _aMarcel, Ramón.
_9165992
830 0 _aColección "Ecclesia" ;
_v4
_9182103
852 _aES-MaACL
_jC-24160
852 _aES-MaACL
_jP-315-bis-4
999 _c90538
_d90538